| 000 | 00702cam a2200241 a 4500 | ||
|---|---|---|---|
| 001 | 000007674 | ||
| 005 | 20200929154246.0 | ||
| 008 | 910318s1990 sp a 000 f spa d | ||
| 020 | _a8439716729 | ||
| 040 |
_aDO-SdBNP _cDLC _dDLC |
||
| 082 |
_a863.6 _bA973ja |
||
| 100 | 1 |
_aAyala, Francisco, _d1906-2009 _94726 |
|
| 245 | 1 | 3 |
_aEl jardín de las delicias / _cFrancisco Ayala. |
| 260 |
_aMadrid : _bMondadori España, _c1990. |
||
| 300 |
_a247 p. : _bil. ; _c22 cm. |
||
| 490 | 1 | _aNarrativa Mondadori | |
| 650 | 4 |
_aCuentos españoles _93194 |
|
| 650 | 4 |
_aLiteratura española _9632 |
|
| 830 | 0 |
_aNarrativa Mondadori _921246 |
|
| 910 | _aCatalogación por copia / LC | ||
| 910 | _aWM | ||
| 049 | _aBNGR | ||
| 999 |
_c7454 _d7454 |
||